000 01002cad a22002175a 4500
001 E149578
008 100323s2010 xxkad f s 000 0 eng d
035 _a(Sirsi) u149578
041 0 _aeng
050 0 4 _a332.642 $2 18
100 1 _aChin, Henry
245 0 0 _aGlobal real estate insights 2010
_h[electronic resource]
260 _aLondon
_bRREEF
_c2010
520 _aSuggests that the office market will not substantially recover from the downturn until 2011, with the Asia Pacific region improving first. Also looks at investment strategies and real estate pricing. Highlights core investment themes for 2010.
651 4 _aInternational
690 _aPROPERTY-COMMERCIAL PROPERTY-COMMERCIAL PROPERTY MARKET
690 _aPROPERTY-COMMERCIAL PROPERTY-COMMERCIAL PROPERTY FINANCE AND INVESTMENT
700 1 _aHobbs, Peter
856 4 0 _uhttps://www.rreef.com/cps/rde/xbcr/ai_en/Global_Real_Estate_Insights2010.pdf
_zView the report free of charge (PDF file) at www.rreef.com....
942 _n0
999 _c110545
_d110545